01273nam a2200241uu 4500001000800000005001700008008004100025020001800066035001200084040001300096041000800109082000800117100003500125245003900160260004500199300004000244520065800284650001200942650001700954650001800971650002200989650002001011142161320260508090108.0150921s2000 eng  a9780471319795 a1421613 ccomduadb aeng 4a53410aBlackstock, David T.4auteaut10aFundamentals of physical acoustics aNew Jersey :bWiley Interscience,c2000. axxi, 541 páginas :bilustraciones3 aEl énfasis en las ondas planas en la primera parte del libro hace que las matemáticas sean simples pero se adapta a una amplia gama de temas: propagación, reflexión y transmisión, modos normales y guías de onda simples para geometrías rectilíneas, cuernos, medios no homogéneos y absorción y dispersión de sonido. La segunda parte del libro está dedicada a un desarrollo más riguroso de la ecuación de onda, ondas esféricas y cilíndricas (incluidas las matemáticas más avanzadas requeridas), guías de onda avanzadas, radiación de pistón desconcertada, difracción (tratada en el dominio del tiempo) y matrices. aSonidos 7aSonido2lemb aOndas sonoras 7aVibración2lemb aElectroacustica